000 00763nam a22002177a 4500
001 38728
003 BD-RjUL
005 20211209052841.0
008 160215s1961 ii ||||| |||| 00| 0 ben d
035 _a(BD-RjUL)38837
040 _aBD-RjUL
_beng
_cBD-RjUL
041 _aben
082 _223
_a891.441
_bTAB 1961
100 _aঠাকুর, রবীন্দ্রনাথ
_9119476
245 _aবলাকা /
_cরবীন্দ্রনাথ ঠাকুর
260 _aকলিকাতা :
_bবিশ্বভারতী গ্রন্থালয়,
_c১৯৬১.
300 _a১৭৫ পৃ. ;
_c২৩ সেমি.
650 _aবাংলা কবিতা
_9119477
650 _aBengali poetry.
_9119478
942 _2ddc
_cBK
_01
999 _c38728
_d38728